Vista normal
Vista MARC
Entrada Nombre corporativo
Número de registros utilizados en: 89
001 - NÚMERO DE CONTROL
- Campo de control: 2636
003 - IDENTIFICADOR DE NÚMERO DE CONTROL
- Campo de control: ES-MaCES
005 - FECHA Y HORA DE LA ULTIMA MODIFICACION
- Campo de control: 20021021124700.0
008 - ELEMENTOS DE DATOS DE LONGITUD FIJA
- Campo de longitud fija: 021021 | azznnaabn |n ana d
035 ## - NÚMERO DE CONTROL DEL SISTEMA
- Número de control del sistema: CES20020002574e
040 ## - FUENTE DE LA CATALOGACIÓN
- Agencia original de catalogación: ES-MaCES
- Idioma de catalogación: spa
- Agencia de transcripción: ES-MaCES
110 2# - ENCABEZAMIENTO--NOMBRE CORPORATIVO
- Nombre corporativo o de jurisdicción como elemento de entrada: Ediciones Francis Lefebvre
670 ## - FUENTE DE DATOS ENCONTRADOS
- Fuente de citación: Biblioteca Nacional
901 ## - CES. DATOS SIRTEX
- ID Sirtex (N5N8): 0001800005463
- 005BIS Sirtex: 200210211247ALORITE

